Statistiques concernant Disney paroles - Les Grands Esprits (Frère des Ours)

Cliquez ici pour prendre le quiz!

Statistiques générales

  • Ce quiz a été pris 71 fois
    (4 depuis la dernière actualisation)
  • Le résultat moyen est 70 sur 228

Statistiques - réponses

Réponse% Correct
ce
75%
et
75%
le
75%
les
75%
Un
75%
un
75%
à
50%
au
50%
la
50%
leur
50%
leurs
50%
Leurs
50%
monde
50%
anciens.
25%
autre
25%
aux
25%
beauté
25%
cache
25%
cet
25%
cette
25%
chemin.
25%
chemins,
25%
choisi
25%
choses
25%
ciel.
25%
coeurs
25%
créatures
25%
cruelle.
25%
dangereuse
25%
Dans
25%
d'autres
25%
de
25%
décisions
25%
décisions.
25%
delà
25%
des
25%
destin,
25%
don
25%
Eclairez
25%
égaux
25%
esprits
25%
était
25%
étendue
25%
faisaient
25%
fait
25%
fait,
25%
Faites
25%
force
25%
frères
25%
Frères
25%
gouter
25%
Grands
25%
guidé
25%
guider
25%
Homme
25%
horizon.
25%
horizon
25%
imploraient
25%
joie
25%
l'air
25%
l'amour.
25%
l'esprit
25%
liés
25%
lointains
25%
lointains,
25%
lumière
25%
lumières
25%
mènent
25%
montagnes
25%
montrez
25%
Montrez
25%
nature
25%
ne
25%
nombreux
25%
nos
25%
notre
25%
Nous
25%
nous
25%
nouvelle,
25%
Oh
25%
orienter
25%
ou
25%
par
25%
parait.
25%
pareils.
25%
partager
25%
pleins
25%
pour
25%
pure
25%
qu'à
25%
Quand
25%
quand
25%
Que
25%
qu'il
25%
qu'on
25%
qu'un.
25%
réaliser.
25%
savoir.
25%
soleil.
25%
sommes
25%
sous
25%
sur
25%
temps
25%
terre
25%
touchaient
25%
toujours
25%
Tous
25%
tous
25%
toute
25%
Toutes
25%
toutes
25%
Transmettez
25%
trois
25%
vie.
25%
Vivaient
25%
voies
25%
vont
25%
vos
25%
votre
25%
yeux
25%
yeux,
25%

Distribution des résultats

Percentile par nombre de réponses

% des personnes avec chaque résultat

Votre développement - résultats

Vous n’avez pas pris ce quiz depuis la dernière actualisation